International Scientific Collaboration in the Research System: Dynamics, Opportunities and Challenges for Kazakhstan

Odhaľovanie kritického pohľadu na dynamiku medzinárodnej vedeckej spolupráce a jej ekonomické dôsledky. Komplexný rozbor ekonomických aspektov medzinárodnej vedeckej spolupráce, najmä v kontexte kazašského výskumu. Nový pohľad na ekonomické prínosy a výzvy partnerstiev globálnej vedy.

Gespeichert in:
Bibliographische Detailangaben
1. Verfasser: Bisenbaev, Adilbek
Weitere Verfasser: Sapieva, Maira, Zholymbayev, Оraltay, Galimzhanova, Marzhan
Format: Buchkapitel
Sprache:Englisch
Schlagworte:
Tags: Tag hinzufügen
Keine Tags, Fügen Sie das erste Tag hinzu!

MARC

LEADER 00000naa a2200000 4500
001 0298076
005 20240111105356.5
041 0 |a eng 
044 |a UA 
245 1 0 |a International Scientific Collaboration in the Research System: Dynamics, Opportunities and Challenges for Kazakhstan  |c Adilbek Bisenbaev, Maira Sapieva, Оraltay Zholymbayev, Marzhan Galimzhanova 
520 |a Odhaľovanie kritického pohľadu na dynamiku medzinárodnej vedeckej spolupráce a jej ekonomické dôsledky. Komplexný rozbor ekonomických aspektov medzinárodnej vedeckej spolupráce, najmä v kontexte kazašského výskumu. Nový pohľad na ekonomické prínosy a výzvy partnerstiev globálnej vedy. 
610 2 0 |a spolupráca cezhraničná 
610 2 0 |a spolupráca medzinárodná 
610 2 0 |a citácie bibliografické 
610 2 0 |a koeficient korelácie 
610 2 0 |a diplomacia 
610 2 0 |a veda 
610 2 0 |a dynamika systémov 
100 1 |a Bisenbaev, Adilbek 
700 1 |a Sapieva, Maira 
700 1 |a Zholymbayev, Оraltay 
700 1 |a Galimzhanova, Marzhan